00754nam a2200181 a 4500003000200000005001700002008004100019050003200060100002400092245011900116260009200235300004600327504004200373650004000415650003500455650004000490650004200530020250311133637.0080730s19uu xx 00 eng d aPGS HV 4708.A93b.D276 2008 aDayupay, Charmaine. aLevel of awareness among grade 6 private and public school students on animal welfare rights /cCharmaine Dayupay. aLas Piñas City, Philippines : bSouthville International School and Colleges,c2008. a34 pages : billustrations ; c28 cm.  aIncludes bibliographical references.  aAnimal welfarevStudy and teaching  aAnimal rightsvPublic opinion. aStudents vKnowledge and attitudes. aEducationvMoral and ethical aspects.